Don Juan de Austria (Record no. 81809)

MARC details
000 -LEADER
campo de control de longitud fija 00763nam a2200205 i 4500
001 - NÚMERO DE CONTROL
campo de control 81809
003 - IDENTIFICADOR DE NÚMERO DE CONTROL
campo de control ES-MaACL
005 - FECHA Y HORA DE LA ÚLTIMA TRANSACCIÓN
campo de control 20250407063105.0
007 - CAMPO FIJO DE DESCRIPCIÓN FÍSICA--INFORMACIÓN GENERAL
campo de control de longitud fija t|
008 - DATOS DE LONGITUD FIJA--INFORMACIÓN GENERAL
campo de control de longitud fija 041108s1944 sp ||||1| spa d
100 1# - ENTRADA PRINCIPAL--NOMBRE DE PERSONA
Nombre de persona Ibáñez de Ibero, Carlos,
Títulos y otros términos asociados al nombre Marqués de Mulhacén,
Fechas asociadas al nombre 1888-1966
9 (RLIN) 151481
245 10 - MENCIÓN DEL TÍTULO
Título Don Juan de Austria
Resto del título : político e innovador /
Mención de responsabilidad, etc. por Carlos Ibáñez de Ibero, Marqués de Mulhacén.
260 ## - PUBLICACIÓN, DISTRIBUCIÓN, ETC.
Lugar de publicación, distribución, etc. Madrid :
Nombre del editor, distribuidor, etc. Afrodisio Aguado,
Fecha de publicación, distribución, etc. [1944]
300 ## - DESCRIPCIÓN FÍSICA
Extensión 340 p., 9 lám. ;
Dimensiones 22 cm.
600 14 - PUNTO DE ACCESO ADICIONAL DE MATERIA--NOMBRE DE PERSONA
Nombre de persona Austria, Juan de (
Fechas asociadas al nombre 1545-1578)
9 (RLIN) 151484
651 #4 - PUNTO DE ACCESO ADICIONAL DE MATERIA--NOMBRE GEOGRÁFICO
Nombre geográfico España-
Subdivisión general Historia-
Subdivisión cronológica 1556-1598, Felipe II.
9 (RLIN) 8218
651 #4 - PUNTO DE ACCESO ADICIONAL DE MATERIA--NOMBRE GEOGRÁFICO
Nombre geográfico España-
Subdivisión general Política exterior-
Subdivisión cronológica 1556-1598.
9 (RLIN) 151485
852 ## - LOCALIZACIÓN
Ubicación ES-MaACL
Número de control de estantería C-9539
Sublocalización o colección R.37688
Holdings
Estatus retirado Estado de pérdida Estado de daño No para préstamo Biblioteca de origen Biblioteca actual Ubicación en estantería Fecha de adquisición Fuente de adquisición Total de préstamos Signatura topográfica completa Código de barras Visto por última vez Precio de reemplazo Tipo de ítem Koha
        Biblioteca del Ateneo de Madrid Biblioteca del Ateneo de Madrid Sala Palomar 17/01/2008     C-9539 1085508 23/02/2023 23/02/2023 Libro impreso